00437nam a2200109Ia 4500008004100000100001800041245013400059260003900193300001200232650001500244856006800259160712s9999 xx 000 0 und d aKim, Jaewook. cJaewook KimaBehavior of Retail Gasoline Prices in the Philippines to Changes in Crude Oil Prices: Is it Symmetric or Asymmetric? c2012bPhilippine Management Review avol. 19 xMANAGEMENT uhttp://journals.upd.edu.ph/index.php/pmr/issue/view/306/showToc